000
00202 a2200097 4500
001
11780
100
_a
O' Brien, C.
245
_a
To Katanga and back
260
_a
_b
Hutchinson
_c
090
_c
9036
_d
9036
942
_a
NUST-CAE
_c
M
_c
35863
999
_c
246853
_d
246853